LEADER 00979nam a2200253 a 4500 001 000000135368 003 CaOOAMICUS 005 20130905114623.0 008 130905s1978 it u000 u ita r 040 $aPUL$bita 100 1 $aBetocchi, Carlo,$d1899-1986?.$0(OLS)http://pul/name/34346 245 10$aPoesie scelte /$cCarlo Betocchi ; a cura di Carlo Bo. 260 $aMilano :$bMondadori,$c1978. 300 $aXXIV, 106 p. ;$c19 cm 490 1 $aOscar poesia ;$v256 700 1 $aBo, Carlo,$d1911-2001.$0(OLS)http://pul/name/5385 830 0$aOscar poesia ;$v256.$0(OLS)http://pul/title/171168 850 $aPUL 852 $aPUL$W1$xDP1 Fondo E. Rossi$y115$m2 A 33$j37149$qFondi$q $B155405$CPULBib$Z2$F155405 $Hnull $81 941 1 $a1 961 $aSul dorso collocazione ms. di E. Rossi: I 21 996 $6245$aPoesie scelte$9(OLS)http://pul/title/111576 996 $6260$aMilano :$bMondadori$9(OLS)http://pul/publisher/50297 LEADER 01312nam a2200325 a 4500 001 000000176915 003 CaOOAMICUS 005 20240610161543.0 008 240610s2018 fr 000 u fre r 020 $a978-2-7010-2294-9* 032 $aLibriCat 040 $aPUL$bita 082 1 $a233.7 100 1 $aSentis, Laurent,$csac.,$d1950-$0(OLS)http://pul/name/10640 245 10$aDu libre-arbitre et de la liberté /$cLaurent Sentis. 260 $aParis :$bBeauchesne,$c©2019. 300 $a152 p. ;$c22 cm 490 1 $aLe point théologique ;$v66 500 $aSulla coperta: Recherches sur le libre-arbitre et la liberté. 504 $aBibliografia in nota. 650 04$aLibero arbitrio.$0(OLS)http://pul/subject/4276 830 3$aLe point théologique ;$v66.$0(OLS)http://pul/title/10197 850 $aPUL 852 $aPUL$W1$xSL Religione 2$y84$mTheol A14 66 $j200918$qStampati Altre Collocazioni$B205875$CPULBib$Z2$F205875 $H137085 $82 941 1 $a10 996 $6020$a978-2-7010-2294-9*$9(OLS)http://pul/number/169782 996 $6082$a233.7$9(OLS)http://pul/classification/2255 996 $6245$aDu libre-arbitre et de la liberté$9(OLS)http://pul/title/218417 996 $6260$aParis :$bBeauchesne$9(OLS)http://pul/publisher/48115